000 00738nam a2200205Ia 4500
003 GCL
008 140319s9999 xx 000 0 ara d
040 _aGCL /
_cGCL
082 0 4 _a251.4
_bم س
100 1 _aمحمد توفيق محمد سعد
245 1 0 _aسبل الاستنباط من الكتاب والسنة دراسة بيانية ناقدة /
_cمحمد توفيق محمد سعد
260 _a[S.N] :
_bمطبعة الامانة ،
_c1992
300 _a526 ص
490 _aمن الاسس البيانية لاصول الفقة
_v0
650 0 4 _aالاستنباط
650 0 4 _aالفقه الاسلامى، اصول
650 0 4 _aالقران - بلاغة
650 0 4 _aالقران - الفاظ
942 _2ddc
_cBK
999 _c37258
_d37258